Normal view
MARC view
- اعداد الدروبي،طه كاسب
Entry Personal Name
001 - CONTROL NUMBER
- control field: 39697
003 - CONTROL NUMBER IDENTIFIER
- control field: JO-AjAnu
005 - DATE AND TIME OF LATEST TRANSACTION
- control field: 20230606080611.0
008 - FIXED-LENGTH DATA ELEMENTS
- fixed length control field: 230606|| aca||aabn | a|a d
040 ## - CATALOGING SOURCE
- Original cataloging agency: JO-AjAnu
- Transcribing agency: JO-AjAnu
100 ## - HEADING--PERSONAL NAME
- Personal name: اعداد الدروبي،طه كاسب
670 ## - SOURCE DATA FOUND
- Source citation: Work cat.: (JO-AjAnu)20355: اعداد الدروبي،طه كاسب, author, كيف تحلل شخصية جليسك:إقرأ ما يدور في ذهن جليسك من إيماءاته